Real world research: (Record no. 19498)

MARC details
000 -LEADER
fixed length control field 00601nam a22001817a 4500
008 - FIXED-LENGTH DATA ELEMENTS--GENERAL INFORMATION
fixed length control field 220916b |||||||| |||| 00| 0 eng d
020 ## - INTERNATIONAL STANDARD BOOK NUMBER
International Standard Book Number 1118745236
050 ## - LIBRARY OF CONGRESS CALL NUMBER
Classification number H62
Item number .R63 2016 C.1
100 ## - MAIN ENTRY--PERSONAL NAME
Personal name Robson, Colin
245 ## - TITLE STATEMENT
Title Real world research:
Remainder of title A resource for users of social research methods in applied settings/
Statement of responsibility, etc. Colin Robson & Kieran McCartan
250 ## - EDITION STATEMENT
Edition statement 4th ed.
260 ## - PUBLICATION, DISTRIBUTION, ETC. (IMPRINT)
Place of publication, distribution, etc. Chichester
Name of publisher, distributor, etc. John Wiley & SonsLtd
Date of publication, distribution, etc. 2016
300 ## - PHYSICAL DESCRIPTION
Extent xv, 533p.
650 ## - SUBJECT ADDED ENTRY--TOPICAL TERM
Topical term or geographic name as entry element Social science
Form subdivision Research
General subdivision Methology
650 ## - SUBJECT ADDED ENTRY--TOPICAL TERM
Topical term or geographic name as entry element Psychology
Form subdivision Research
General subdivision Methology
700 ## - ADDED ENTRY--PERSONAL NAME
Personal name McCartan, Kieran
942 ## - ADDED ENTRY ELEMENTS (KOHA)
Source of classification or shelving scheme Library of Congress Classification
Koha item type General Collection
Holdings
Withdrawn status Lost status Source of classification or shelving scheme Not for loan Home library Current library Date acquired Cost, normal purchase price Inventory number Total Checkouts Full call number Barcode Date last seen Copy number Price effective from Koha item type
    Library of Congress Classification   Kabarak, Main Campus Kabarak, Main Campus 16/09/2022 6638.00 1041/2022   H62 .R63 2016 C.1 032584 02/08/2024 C.1 16/09/2022 General Collection
Designed with assistance from East African Informatics Ltd